Loading...
| Fine Arts - Visual | 0 | 4 | 1 | 0 | 35 | 120 | 133.00 | 2 | 4 | 0.00 | 0.00 |
| Science - Biology | 1 | 3 | 3 | 0 | 30 | 59 | 86.50 | 2 | 4 | 0.00 | 0.00 |
| Science - Chemistry | 0 | 3 | 0 | 0 | 30 | 83 | 97.00 | 0 | 2 | 0.00 | 0.00 |
| Science - Physics | 1 | 1 | 0 | 0 | 25 | 62 | 93.50 | 1 | 1 | 0.00 | 0.00 |
| Current Events | 0 | 2 | 0 | 0 | 20 | 82 | 90.50 | 0 | 2 | 0.00 | 0.00 |
| Science - Other | 0 | 1 | 0 | 0 | 10 | 132 | 132.00 | 0 | 1 | 0.00 | 0.00 |
| Literature - American | 0 | 1 | 0 | 0 | 10 | 138 | 138.00 | 0 | 1 | 0.00 | 0.00 |
| Literature - World | 0 | 1 | 0 | 0 | 10 | 150 | 150.00 | 0 | 0 | 0.00 | 0.00 |
| Fine Arts - Other | 0 | 1 | 1 | 0 | 5 | 91 | 91.00 | 1 | 1 | 0.00 | 0.00 |
| Geography | 0 | 1 | 1 | 0 | 5 | 159 | 159.00 | 0 | 0 | 0.00 | 0.00 |
| Literature - European | 0 | 0 | 0 | 0 | 0 | 0.00 | 0 | 0 | 0.00 | 0.00 | |
| Mythology | 0 | 0 | 0 | 0 | 0 | 0.00 | 0 | 0 | 0.00 | 0.00 | |
| History - American | 0 | 0 | 0 | 0 | 0 | 0.00 | 0 | 0 | 0.00 | 0.00 |